01735cam a2200337 i 450000100090000000300040000900500170001300800410003001000170007102000280008802000120011603500130012804000290014104200080017005000250017808200160020310000370021924500940025626400270035030000230037733600260040033700280042633800270045452005580048165500190103977601620105890600450122094200150126599900150128095201020129522989404OSt20260604162153.0230227s2023 nyu 000 1 eng  a 2023008960 a0458942707q(hardcover) q(ebook) a22989404 aDLCbengerdacIRDPdDLC apcc00aPR6114.E57bS63 202300a320.971 SMA1 aELKINS,DAVID J.[ET ALL]eauthor.10aSMALL WORLDS;cDAVID J, ELKINS [ET .AL]bPROVINCES AND PARTIES IN CANADIAN POLITICAL LIFE 1aTORONTObMETHUENc1980 a259 pages ;c24 cm atextbtxt2rdacontent aunmediatedbn2rdamedia avolumebnc2rdacarrier a"Set over the course of three summers, Small Worlds follows Stephen, a first-generation Londoner born to Ghanaian immigrant parents, brother to Ray, and best friend to Adeline. On the cusp of big life changes, Stephen feels pressured to follow a certain track-a university degree, a move out of home-but when he decides instead to follow his first love, music, his world and family fracture in ways he didn't foresee. Now Stephen must find a path and peace for himself: a space he can feel beautiful, a space he can feel free."--cProvided by publisher. 7aNovels.2lcgft08iOnline version:aAzumah Nelson, Caleb.tSmall worldsbFirst Grove Atlantic hard cover edition.dNew York : Grove Press, 2023z9780802161970w(DLC) 2023008961 a7bcbccorignewd1eecipf20gy-gencatlg 2ddccBOOKS c9840d9840 00102ddc4070a1000b1000d2026-06-04l0o320.971 SMApLIB002581r2026-06-04w2026-06-04yBOOKS